Normal view
MARC view
Entry Personal Name
001 - CONTROL NUMBER
- control field: 13417
003 - CONTROL NUMBER IDENTIFIER
- control field: BD-RjUL
005 - DATE AND TIME OF LATEST TRANSACTION
- control field: 20240701114554.0
008 - FIXED-LENGTH DATA ELEMENTS
- fixed length control field: 240701|| aca||aabn | a|a d
040 ## - CATALOGING SOURCE
- Original cataloging agency: BD-RjUL
- Transcribing agency: BD-RjUL
100 ## - HEADING--PERSONAL NAME
- Personal name: Kabir, Md. Ashraful
670 ## - SOURCE DATA FOUND
- Source citation: Work cat.: (BD-RjUL)83949: Kabir, Md. Ashraful, Productivity and Managent of Chicken Breeds in some Selected Poultry Farms of the Northern Regions of Bangladesh on the Verge of Bird Flu Situations /, 2011